[Event "4NCL Division 4 South"]
[Site "Reading, ENG"]
[Date "2017.05.01"]
[Round "11.53"]
[White "Perrett, David C"]
[Black "Ireland, David J"]
[Result "1-0"]
[WhiteElo "1957"]
[BlackElo "2027"]
[PlyCount "117"]
[EventDate "2017.05.01"]
[WhiteTeam "The Full Ponty"]
[BlackTeam "Throw in the Tal 1"]

1. d4 Nf6 2. Bg5 d5 3. Bxf6 gxf6 4. e3 Bf5 5. Nf3 e6 6. Bd3 Bg6 7. h4 h5 8. c4
c6 9. Nc3 Rg8 10. g3 Qb6 11. O-O dxc4 12. Bxg6 Rxg6 13. Nd2 Qc7 14. Ne2 Bh6 15.
Nxc4 Nd7 16. b4 Nb6 17. Nxb6 axb6 18. Qb3 Ke7 19. f4 Rag8 20. Kh2 R8g7 21. Rad1
Qd8 22. e4 Kf8 23. d5 cxd5 24. exd5 e5 25. d6 exf4 26. Nxf4 Bxf4 27. Rxf4 f5
28. Rxf5 Rxd6 29. Rfd5 Rgg6 30. Qd3 Rxd5 31. Qxd5 Qxd5 32. Rxd5 Rc6 33. a4 Rc2+
34. Kh3 Ra2 35. Rxh5 Rxa4 36. Rb5 Ra6 37. h5 Kg7 38. Kh4 f6 39. Kg4 Kh6 40. Kf4
Ra1 41. Rxb6 Kxh5 42. Rxf6 Rf1+ 43. Ke5 Re1+ 44. Kd4 Re7 45. Kc5 Kg4 46. Kb6
Kxg3 47. b5 Kg4 48. Rf8 Kg5 49. Ka7 Kg6 50. b6 Kg7 51. Rb8 Kf6 52. Rxb7 Re1 53.
Rd7 Ke6 54. Rd2 Ra1+ 55. Kb8 Rb1 56. b7 Ke7 57. Ra2 Kd7 58. Ka7 Kc7 59. b8=Q+
1-0

[Event "4NCL Division 4 South"]
[Site "Reading, ENG"]
[Date "2017.05.01"]
[Round "11.54"]
[White "Pafura, Godfrey Bisereko"]
[Black "Thomas, Gary"]
[Result "1-0"]
[WhiteElo "1979"]
[BlackElo "1945"]
[PlyCount "50"]
[EventDate "2017.05.01"]
[WhiteTeam "Throw in the Tal 1"]
[BlackTeam "The Full Ponty"]

1. d4 c5 2. Nf3 cxd4 3. Nxd4 Nf6 4. c4 e6 5. Nc3 Be7 6. e4 Nc6 7. Nc2 O-O 8.
Be2 d6 9. Be3 Qc7 10. O-O Bd7 11. f4 Rfe8 12. Qd2 d5 13. cxd5 exd5 14. exd5 Nb4
15. Bf3 Bd6 16. Nd4 Bc5 17. Bf2 Rad8 18. a3 Na6 19. Kh1 Bf8 20. Rac1 Qa5 21.
Bh4 Bc8 22. Ndb5 Rd7 23. b4 Qd8 24. Nxa7 Qb6 25. Ncb5 Ne4 1-0

[Event "4NCL Division 4 South"]
[Site "Reading, ENG"]
[Date "2017.05.01"]
[Round "11.55"]
[White "James, Dai"]
[Black "Smith, Richard W"]
[Result "0-1"]
[WhiteElo "1915"]
[BlackElo "1937"]
[PlyCount "52"]
[EventDate "2017.05.01"]
[WhiteTeam "The Full Ponty"]
[BlackTeam "Throw in the Tal 1"]

1. f4 d5 2. Nf3 c5 3. g3 Nc6 4. Bg2 g6 5. O-O Bg7 6. d3 Nf6 7. c3 O-O 8. e3 b6
9. Qa4 Bb7 10. Nbd2 Qd7 11. Rb1 Rfd8 12. b4 Ne5 13. Qc2 Neg4 14. Re1 Rac8 15.
bxc5 Rxc5 16. Ba3 Rc7 17. h3 Nh6 18. Ne5 Qc8 19. Rec1 Nf5 20. Kf2 d4 21. e4
Rxc3 22. Qa4 Ne3 23. Rxc3 dxc3 24. Kxe3 cxd2 25. Bxe7 Qc1 26. Bxd8 d1=Q+ 0-1

[Event "4NCL Division 4 South"]
[Site "Reading, ENG"]
[Date "2017.05.01"]
[Round "11.56"]
[White "Price, Andrew"]
[Black "Dixon, Chris"]
[Result "1/2-1/2"]
[WhiteElo "1870"]
[BlackElo "1800"]
[PlyCount "54"]
[EventDate "2017.05.01"]
[WhiteTeam "Throw in the Tal 1"]
[BlackTeam "The Full Ponty"]

1. e4 d6 2. d4 Nf6 3. Nc3 g6 4. Nf3 Bg7 5. Bc4 O-O 6. O-O c6 7. h3 d5 8. exd5
cxd5 9. Bd3 Nc6 10. a3 h6 11. Ne2 Re8 12. Ng3 e5 13. dxe5 Nxe5 14. Nxe5 Rxe5
15. Bf4 Re8 16. c3 Be6 17. Be3 a6 18. Qc2 Qd7 19. Rfe1 Rac8 20. Rad1 Qc7 21.
Bd4 Nd7 22. Bxg7 Kxg7 23. Ne2 Nc5 24. Nd4 Nxd3 25. Qxd3 Bd7 26. Nf3 Rxe1+ 27.
Rxe1 Be6 1/2-1/2

[Event "4NCL Division 4 South"]
[Site "Reading, ENG"]
[Date "2017.05.01"]
[Round "11.61"]
[White "Campbell, Mark C"]
[Black "Covey, Jason"]
[Result "0-1"]
[WhiteElo "1910"]
[BlackElo "1832"]
[PlyCount "58"]
[EventDate "2017.05.01"]
[WhiteTeam "Cambridge University 3"]
[BlackTeam "Barnet Knights 2"]

1. e4 e6 2. d4 d5 3. e5 c5 4. c3 Nc6 5. Nf3 Bd7 6. Be2 Nge7 7. O-O Nf5 8. Be3
Qb6 9. b3 Be7 10. g4 Nxe3 11. fxe3 f6 12. exf6 Bxf6 13. g5 Be7 14. h4 O-O 15.
Qd3 Rac8 16. Nbd2 cxd4 17. Nxd4 Bc5 18. Kg2 Ne5 19. Qb1 Ng6 20. h5 Nh4+ 21. Kg3
Qc7+ 22. Kxh4 Qh2+ 23. Kg4 e5+ 24. Nf5 Qxe2+ 25. Kg3 Qxd2 26. b4 Bxf5 27. Rxf5
Qxe3+ 28. Kg4 Be7 29. g6 Rc4+ 0-1

[Event "4NCL Division 4 South"]
[Site "Reading, ENG"]
[Date "2017.05.01"]
[Round "11.62"]
[White "Balouka Myers, Gabriel"]
[Black "Davis, Holden"]
[Result "0-1"]
[WhiteElo "1825"]
[BlackElo "1786"]
[PlyCount "82"]
[EventDate "2017.05.01"]
[WhiteTeam "Barnet Knights 2"]
[BlackTeam "Cambridge University 3"]

1. Nf3 e6 2. g3 d5 3. Bg2 Nf6 4. c4 c6 5. O-O Nbd7 6. cxd5 exd5 7. d3 Be7 8.
Qc2 O-O 9. e4 dxe4 10. dxe4 Nc5 11. Nc3 Qd3 12. Qxd3 Nxd3 13. Bg5 h6 14. Bxf6
Bxf6 15. Rab1 Be6 16. a3 Rad8 17. Rfd1 Bb3 18. Rd2 Rfe8 19. Bf1 Ne5 20. Rxd8
Nxf3+ 21. Kg2 Nh4+ 22. gxh4 Rxd8 23. Re1 Bxh4 24. e5 Rd2 25. Re2 Rd4 26. Kf3
Bc4 27. Re1 Bxf1 28. Rxf1 Rd2 29. Nd1 Rd3+ 30. Ne3 Rb3 31. Kg4 Bxf2 32. Rxf2
Rxe3 33. Kf4 Rd3 34. Ke4 Rd5 35. b4 Rd1 36. Rf3 Rd2 37. h3 Re2+ 38. Kd4 Kf8 39.
Rf5 Ke7 40. Rf3 Ke6 41. Rg3 g6 0-1

[Event "4NCL Division 4 South"]
[Site "Reading, ENG"]
[Date "2017.05.01"]
[Round "11.63"]
[White "Phillips, William"]
[Black "Balouka Myers, Reuben"]
[Result "0-1"]
[WhiteElo "1849"]
[BlackElo "1675"]
[PlyCount "71"]
[EventDate "2017.05.01"]
[WhiteTeam "Cambridge University 3"]
[BlackTeam "Barnet Knights 2"]

1. d4 e6 2. c4 d5 3. cxd5 exd5 4. Bf4 Bd6 5. Bxd6 Qxd6 6. Nf3 f5 7. e3 Nf6 8.
Bd3 O-O 9. O-O Ne4 10. Nc3 Nd7 11. Rc1 c6 12. a3 Rf6 13. Ne2 Rh6 14. Ng3 Ndf6
15. Ne5 g5 16. f4 g4 17. Bxe4 Nxe4 18. Nxe4 dxe4 19. Qb3+ Qe6 20. Qxe6+ Bxe6
21. g3 Kg7 22. Rc3 Rh3 23. b4 a6 24. a4 h5 25. Rf2 h4 26. Rg2 Rh8 27. b5 axb5
28. axb5 hxg3 29. hxg3 Rh1+ 30. Kf2 Ra8 31. Rc2 Raa1 32. Ke2 cxb5 33. Kd2 b4
34. Rb2 b5 35. Nc6 Rad1+ 36. Kc2 0-1

[Event "4NCL Division 4 South"]
[Site "Reading, ENG"]
[Date "2017.05.01"]
[Round "11.64"]
[White "Willmoth, Harrison"]
[Black "Breed, Greg J"]
[Result "1/2-1/2"]
[WhiteElo "1720"]
[BlackElo "1757"]
[PlyCount "57"]
[EventDate "2017.05.01"]
[WhiteTeam "Barnet Knights 2"]
[BlackTeam "Cambridge University 3"]

1. e4 c6 2. d3 d5 3. Nd2 e5 4. Ngf3 Bd6 5. Be2 Nf6 6. O-O O-O 7. Re1 Nbd7 8.
Bf1 Re8 9. c3 dxe4 10. dxe4 Bc7 11. b4 Nf8 12. Qc2 Ng6 13. Nc4 Bg4 14. Be2 h6
15. h3 Be6 16. Be3 b6 17. Bf1 b5 18. Nb2 Bb6 19. Bxb6 Qxb6 20. g3 Rad8 21. Bg2
Rd7 22. Nd3 Rde7 23. Nc5 Bc8 24. Nd2 a5 25. a3 a4 26. c4 Rc7 27. Rac1 Rd8 28.
Red1 Qb8 29. Bf1 1/2-1/2

[Event "4NCL Division 4 South"]
[Site "Reading, ENG"]
[Date "2017.05.01"]
[Round "11.65"]
[White "Hizarci, Bora"]
[Black "Karia, Devin"]
[Result "1/2-1/2"]
[WhiteElo "1450"]
[BlackElo "1622"]
[PlyCount "44"]
[EventDate "2017.05.01"]
[WhiteTeam "Cambridge University 3"]
[BlackTeam "Barnet Knights 2"]

1. e4 e5 2. Nf3 Nc6 3. d4 exd4 4. Bc4 Nf6 5. e5 d5 6. Bb5 Ne4 7. Bxc6+ bxc6 8.
Nxd4 Bb7 9. O-O Bc5 10. Be3 O-O 11. Nd2 Bxd4 12. Bxd4 c5 13. Nxe4 cxd4 14. Nc5
Bc8 15. Qxd4 c6 16. Rad1 Bf5 17. Rd2 Re8 18. Re1 Rb8 19. Re3 Qe7 20. a3 Rb5 21.
b4 a5 22. c3 axb4 1/2-1/2

[Event "4NCL Division 4 South"]
[Site "Reading, ENG"]
[Date "2017.05.01"]
[Round "11.66"]
[White "Karia, Kamlesh"]
[Black "Nettleton, Robin"]
[Result "1-0"]
[WhiteElo "1622"]
[BlackElo "1298"]
[PlyCount "39"]
[EventDate "2017.05.01"]
[WhiteTeam "Barnet Knights 2"]
[BlackTeam "Cambridge University 3"]

1. e4 e5 2. Nf3 d6 3. d4 exd4 4. Nxd4 Be7 5. Nc3 Nf6 6. Bd3 O-O 7. Bg5 Ng4 8.
Bxe7 Qxe7 9. Be2 Ne5 10. O-O a6 11. f4 c5 12. Nd5 Qd8 13. Nf5 Bxf5 14. exf5
Nec6 15. f6 g6 16. Qe1 Nd7 17. Qh4 Nb4 18. Ne7+ Kh8 19. Rf3 Rg8 20. Qxh7+ 1-0

[Event "4NCL Division 4 South"]
[Site "Reading, ENG"]
[Date "2017.05.01"]
[Round "11.71"]
[White "Goodger, Martyn"]
[Black "Farr, Peter G"]
[Result "0-1"]
[WhiteElo "2014"]
[BlackElo "2117"]
[PlyCount "70"]
[EventDate "2017.05.01"]
[WhiteTeam "Poisoned Pawns 2"]
[BlackTeam "Kent Kestrels"]

1. e4 e6 2. Nf3 d5 3. Nc3 d4 4. Ne2 c5 5. c3 Nc6 6. cxd4 Nf6 7. e5 Nd7 8. dxc5
Ndxe5 9. Nxe5 Nxe5 10. d4 Bxc5 11. Be3 Bb4+ 12. Nc3 Nc6 13. Bc4 O-O 14. O-O Bd7
15. Qf3 Rc8 16. Bd3 Qa5 17. Ne4 f5 18. Ng5 h6 19. Nh3 e5 20. Bc4+ Kh7 21. Ng5+
Kh8 22. Nf7+ Rxf7 23. Bxf7 f4 24. Bc1 Nxd4 25. Qxb7 Bf5 26. a3 Bd6 27. b4 Qd8
28. Bb2 Ne2+ 29. Kh1 Rc7 30. Qd5 Rd7 31. Be6 Bxe6 32. Qxe6 f3 33. gxf3 Bb8 34.
Rae1 Nf4 35. Bxe5 Nxe6 0-1

[Event "4NCL Division 4 South"]
[Site "Reading, ENG"]
[Date "2017.05.01"]
[Round "11.72"]
[White "Watson, Jacob"]
[Black "Kemp, Paul R"]
[Result "0-1"]
[WhiteElo "1791"]
[BlackElo "2074"]
[PlyCount "118"]
[EventDate "2017.05.01"]
[WhiteTeam "Kent Kestrels"]
[BlackTeam "Poisoned Pawns 2"]

1. e4 c6 2. d4 d5 3. Nc3 dxe4 4. Nxe4 Bf5 5. Ng3 Bg6 6. Nf3 Nd7 7. Bd2 e6 8.
Bc3 Ngf6 9. Bd3 Nd5 10. Bxg6 hxg6 11. Bd2 Qc7 12. Qe2 Nf4 13. Bxf4 Qxf4 14. Qe4
Bd6 15. Qxf4 Bxf4 16. Ne2 Bd6 17. O-O-O Nf6 18. h3 Rh5 19. Nc3 Ke7 20. Rhe1 Bb4
21. Re3 Rd8 22. Ne5 Rf5 23. g4 Rf4 24. Ne2 Re4 25. g5 Rxe3 26. fxe3 Ne4 27. Rf1
Rf8 28. Nf4 Ke8 29. c3 Bd6 30. Nc4 Bc7 31. h4 Rh8 32. Rh1 Nxg5 33. h5 gxh5 34.
Rxh5 Rxh5 35. Nxh5 g6 36. Nf4 Ke7 37. Nd3 f6 38. Nc5 b6 39. Na6 Bg3 40. a4 Ne4
41. Kc2 g5 42. Kd3 f5 43. a5 b5 44. Na3 Bd6 45. Nc2 g4 46. c4 bxc4+ 47. Kxc4
Nd2+ 48. Kd3 Nb3 49. e4 fxe4+ 50. Kxe4 Nxa5 51. Ne3 g3 52. Kf3 Nb3 53. Nc2 Kf6
54. Nc5 Nxd4+ 55. Nxd4 Bxc5 56. Nxc6 Bf2 57. Nb4 Ke5 58. Nc6+ Kd5 59. Nb4+ Kc4
0-1

[Event "4NCL Division 4 South"]
[Site "Reading, ENG"]
[Date "2017.05.01"]
[Round "11.73"]
[White "McMahon, Paul"]
[Black "Watson, Mikey J"]
[Result "1/2-1/2"]
[WhiteElo "1976"]
[BlackElo "1674"]
[PlyCount "87"]
[EventDate "2017.05.01"]
[WhiteTeam "Poisoned Pawns 2"]
[BlackTeam "Kent Kestrels"]

1. e4 e6 2. d4 d5 3. exd5 exd5 4. Bd3 Nf6 5. Bf4 Be7 6. Nf3 Bg4 7. h3 Bh5 8.
Nbd2 Nbd7 9. g4 Bg6 10. Bxg6 hxg6 11. Qe2 Nxg4 12. O-O-O Ngf6 13. Rde1 Nf8 14.
Qb5+ N6d7 15. Qxd5 Ne6 16. Bg3 c6 17. Qb3 Qb6 18. Qd3 O-O-O 19. Nb3 Bf6 20. c3
a6 21. Nfd2 Bg5 22. Kb1 Bf4 23. Ne4 Qc7 24. Qf3 Bxg3 25. fxg3 f5 26. Nf2 Rhe8
27. h4 Nf6 28. g4 Qf4 29. Qxf4 Nxf4 30. gxf5 gxf5 31. Re5 Rxe5 32. dxe5 Nd7 33.
Nd4 g6 34. Nf3 Re8 35. Kc2 Kd8 36. Re1 Ke7 37. Nd3 Nxd3 38. Kxd3 Nc5+ 39. Ke3
Ne4 40. Kf4 Ke6 41. h5 gxh5 42. Nd4+ Kd5 43. Nxf5 Nf2 44. Ne3+ 1/2-1/2

[Event "4NCL Division 4 South"]
[Site "Reading, ENG"]
[Date "2017.05.01"]
[Round "11.74"]
[White "Lettington, David"]
[Black "Ribbands, Patrick C"]
[Result "0-1"]
[WhiteElo "1660"]
[BlackElo "1757"]
[PlyCount "70"]
[EventDate "2017.05.01"]
[WhiteTeam "Kent Kestrels"]
[BlackTeam "Poisoned Pawns 2"]

1. Nf3 c5 2. g3 Nc6 3. Bg2 Nf6 4. O-O g6 5. d3 Bg7 6. Nbd2 O-O 7. c3 d6 8. e4
e5 9. Nc4 Be6 10. Ne3 Qd7 11. Ng5 Rad8 12. Nxe6 Qxe6 13. Nd5 Ne7 14. Nxe7+ Qxe7
15. f4 exf4 16. Bxf4 h6 17. Qf3 Nd7 18. Rad1 Kh7 19. Bc1 Ne5 20. Qf4 Nc6 21. h4
Qe5 22. Qf3 Qe6 23. Bf4 Qxa2 24. h5 b6 25. Kh2 a5 26. Rh1 Ne5 27. Bxe5 dxe5 28.
Kg1 Qxb2 29. Rh4 a4 30. g4 g5 31. Qf5+ Kg8 32. Rf1 a3 33. Rf2 Qb3 34. Qf6 Bxf6
35. Rxf6 Kg7 0-1

[Event "4NCL Division 4 South"]
[Site "Reading, ENG"]
[Date "2017.05.01"]
[Round "11.75"]
[White "Mountford, Corinne"]
[Black "Zhao, Haolin"]
[Result "0-1"]
[WhiteElo "1705"]
[BlackElo "1701"]
[PlyCount "75"]
[EventDate "2017.05.01"]
[WhiteTeam "Poisoned Pawns 2"]
[BlackTeam "Kent Kestrels"]

1. d4 Nf6 2. Nf3 e6 3. Bf4 c5 4. e3 Nc6 5. Nbd2 b6 6. c3 Bb7 7. Bd3 cxd4 8.
exd4 Be7 9. Qc2 d6 10. a4 a5 11. Bb5 Nd5 12. Bg3 O-O 13. h4 Bf6 14. Ne4 h5 15.
Nxd6 Qe7 16. O-O-O Rfd8 17. Nxb7 Qxb7 18. Ng5 g6 19. Rhe1 Rac8 20. Bxc6 Qxc6
21. Be5 Nb4 22. Qb3 Bxg5+ 23. hxg5 Qxg2 24. Bg3 Qf3 25. Re3 Qf5 26. Kd2 Nd5 27.
Re5 Qf3 28. Rc1 h4 29. Bxh4 Qf4+ 30. Kc2 Qxh4 31. Kb1 Qxf2 32. Ka2 Nb4+ 33. Ka3
Nd3 34. Rc2 Qf1 35. Ree2 Nc1 36. Rf2 Qxf2 37. Rxf2 Nxb3 38. Kxb3 0-1

[Event "4NCL Division 4 South"]
[Site "Reading, ENG"]
[Date "2017.05.01"]
[Round "11.76"]
[White "Kobler, Marius"]
[Black "Ashworth, Steven M"]
[Result "0-1"]
[WhiteElo "1405"]
[BlackElo "1532"]
[PlyCount "66"]
[EventDate "2017.05.01"]
[WhiteTeam "Kent Kestrels"]
[BlackTeam "Poisoned Pawns 2"]

1. e4 e5 2. Nf3 f5 3. d3 d6 4. Nc3 Nf6 5. g3 fxe4 6. dxe4 Bg4 7. Qd3 Be7 8. Bd2
c6 9. O-O-O b5 10. Bg2 O-O 11. Rde1 b4 12. Ne2 a5 13. h3 Be6 14. Kb1 h6 15. Be3
a4 16. b3 axb3 17. cxb3 d5 18. exd5 Bxd5 19. Ka1 Qa5 20. Nc1 e4 21. Qd2 exf3
22. Bf1 Ne4 23. Qc2 Bf6+ 24. Kb1 Nc3+ 25. Ka1 Nxa2+ 26. Kb1 Nc3+ 27. Qxc3 Bxc3
28. Rd1 Qa1+ 29. Kc2 Be4+ 30. Rd3 Qb2+ 31. Kd1 Bxd3 32. Bxd3 Rd8 33. g4 Ra1 0-1

[Event "4NCL Division 4 South"]
[Site "Reading, ENG"]
[Date "2017.05.01"]
[Round "11.81"]
[White "Donaghay, Richard H"]
[Black "Ogunshola, Ben"]
[Result "0-1"]
[WhiteElo "1862"]
[BlackElo "2147"]
[PlyCount "64"]
[EventDate "2017.05.01"]
[WhiteTeam "Iceni 2"]
[BlackTeam "The Pitstop"]

1. e4 d6 2. d4 g6 3. Nc3 Bg7 4. Be3 c6 5. Qd2 b5 6. h4 h5 7. Nh3 Nf6 8. f3 Qa5
9. Bd3 Nbd7 10. a3 Rb8 11. b4 Qc7 12. Kf2 a6 13. Ng5 e5 14. d5 cxd5 15. exd5
Bb7 16. Bxg6 O-O 17. Bf5 Nb6 18. Nge4 Nc4 19. Nxf6+ Bxf6 20. Qd3 Bg7 21. Rh3
Bc8 22. Rg3 Nxe3 23. Bh7+ Kh8 24. Kxe3 f5 25. Bxf5 Bxf5 26. Ne4 Bxe4 27. Qxe4
Qc3+ 28. Qd3 Qxa1 29. Qg6 Qe1+ 30. Kd3 e4+ 31. fxe4 Qd1+ 32. Ke3 Bd4# 0-1

[Event "4NCL Division 4 South"]
[Site "Reading, ENG"]
[Date "2017.05.01"]
[Round "11.82"]
[White "Froom, Oliver"]
[Black "Lovell, Steve"]
[Result "1/2-1/2"]
[WhiteElo "1943"]
[BlackElo "1778"]
[PlyCount "51"]
[EventDate "2017.05.01"]
[WhiteTeam "The Pitstop"]
[BlackTeam "Iceni 2"]

1. e4 e5 2. Nf3 Nc6 3. Bb5 a6 4. Ba4 Nf6 5. d3 b5 6. Bb3 Bc5 7. O-O d6 8. c3
Bb6 9. a4 Rb8 10. Nbd2 O-O 11. h3 Be6 12. Bc2 d5 13. Ng5 Bd7 14. Re1 h6 15.
Ngf3 Re8 16. Nf1 dxe4 17. dxe4 Nh5 18. axb5 axb5 19. Bb3 Be6 20. Bxe6 Rxe6 21.
Qxd8+ Rxd8 22. Be3 Bxe3 23. Nxe3 Nf4 24. Red1 Red6 25. Rxd6 Rxd6 26. Rd1
1/2-1/2

[Event "4NCL Division 4 South"]
[Site "Reading, ENG"]
[Date "2017.05.01"]
[Round "11.83"]
[White "Carter, Dominic A"]
[Black "Green, George D A"]
[Result "0-1"]
[WhiteElo "1677"]
[BlackElo "1840"]
[PlyCount "86"]
[EventDate "2017.05.01"]
[WhiteTeam "Iceni 2"]
[BlackTeam "The Pitstop"]

1. e4 d6 2. d4 Nf6 3. Nc3 g6 4. Nf3 Bg7 5. Be2 O-O 6. O-O c6 7. Be3 b5 8. a3
Qc7 9. h3 Nbd7 10. Qd2 Rd8 11. Bh6 Bh8 12. Nh2 Bb7 13. Bg5 a6 14. Ng4 Nxg4 15.
hxg4 Nf6 16. f4 c5 17. Bxf6 Bxf6 18. d5 b4 19. axb4 cxb4 20. Na4 a5 21. g5 Bg7
22. f5 Be5 23. f6 Rdc8 24. Bd3 Ba6 25. Qf2 Qa7 26. Qxa7 Rxa7 27. Bxa6 Rxa6 28.
Rac1 exf6 29. gxf6 Rc4 30. c3 b3 31. Ra1 Rxe4 32. Ra3 Ra7 33. Rxb3 h5 34. Ra3
Rb7 35. Rf3 Re2 36. Ra1 {(=)} Rd2 37. c4 Rb4 38. c5 dxc5 39. Re1 Bd4+ 40. Kh1
Rxa4 41. g4 hxg4 42. Rf4 Ra2 43. Rxg4 Bxf6 0-1

[Event "4NCL Division 4 South"]
[Site "Reading, ENG"]
[Date "2017.05.01"]
[Round "11.84"]
[White "Fernando, Manel"]
[Black "Thatte, Nishchal"]
[Result "1-0"]
[WhiteElo "1599"]
[BlackElo "1598"]
[PlyCount "99"]
[EventDate "2017.05.01"]
[WhiteTeam "The Pitstop"]
[BlackTeam "Iceni 2"]

1. d4 e6 2. Nf3 d5 3. Bf4 Be7 4. e3 c6 5. Nbd2 f5 6. Bd3 Nf6 7. c4 O-O 8. O-O
Qe8 9. Ne5 Nbd7 10. cxd5 Nxe5 11. Bxe5 Nxd5 12. Qe2 Bf6 13. Nf3 Bxe5 14. Nxe5
Nb4 15. Bb1 b6 16. a3 Ba6 17. Nd3 Nd5 18. Qf3 c5 19. dxc5 bxc5 20. Rc1 c4 21.
Nc5 Qc6 22. Nxa6 Qxa6 23. Ba2 Rfc8 24. e4 Ne7 25. exf5 exf5 26. Bxc4+ Rxc4 27.
Qxa8+ Rc8 28. Rxc8+ Qxc8 29. Qxc8+ Nxc8 30. Rc1 Nd6 31. Rc7 Nb5 32. Rb7 a6 33.
a4 Nd6 34. Ra7 Nc4 35. Rxa6 Nxb2 36. a5 Nc4 37. Ra8+ Kf7 38. a6 Nb6 39. Rb8 Nd7
40. Rb7 Ke6 41. a7 Nc5 42. Rb6+ Kd7 43. a8=Q Ke7 44. Qa7+ Nd7 45. Qc7 g6 46.
Rd6 Kf7 47. Qxd7+ Kf8 48. Rf6+ Kg8 49. Qf7+ Kh8 50. Qf8# 1-0

[Event "4NCL Division 4 South"]
[Site "Reading, ENG"]
[Date "2017.05.01"]
[Round "11.85"]
[White "Jermy, Jaden"]
[Black "Sloan, Hamish"]
[Result "1/2-1/2"]
[WhiteElo "1622"]
[BlackElo "1505"]
[PlyCount "114"]
[EventDate "2017.05.01"]
[WhiteTeam "Iceni 2"]
[BlackTeam "The Pitstop"]

1. d4 d5 2. Bf4 e6 3. Nf3 Bd6 4. Bg3 Bxg3 5. hxg3 Nf6 6. e3 b6 7. Bd3 Ba6 8.
Bxa6 Nxa6 9. c3 Nb8 10. Nbd2 Nbd7 11. Qc2 c5 12. Ne5 cxd4 13. exd4 Qc7 14. Ndf3
Ke7 15. Nxd7 Qxd7 16. Ne5 Qc7 17. Qa4 Rac8 18. Qa3+ Ke8 19. Qa4+ Nd7 20. O-O-O
f6 21. Nd3 Kf7 22. Rhe1 Rhe8 23. f4 a5 24. Qa3 b5 25. Kb1 Rb8 26. g4 b4 27.
cxb4 axb4 28. Qb3 Qc4 29. f5 Qxb3 30. axb3 e5 31. dxe5 Nxe5 32. Nxe5+ fxe5 33.
Rxd5 Kf6 34. Re4 Rb7 35. Rd6+ Kf7 36. g5 Ree7 37. Rd5 h6 38. g6+ Kf6 39. g4 Kg5
40. Rdxe5 Rxe5 41. Rxe5 Kxg4 42. Kc2 Rd7 43. Rb5 h5 44. Rc5 Kg5 45. f6+ Kxf6
46. Rxh5 Kxg6 47. Rh4 Rb7 48. Kd3 Kf5 49. Ke3 g5 50. Rc4 Rb5 51. Kf3 Ke5 52.
Kg4 Ke6 53. Rc2 Kf6 54. Rf2+ Ke6 55. Rf3 Rd5 56. Re3+ Re5 57. Rd3 Rd5 1/2-1/2

[Event "4NCL Division 4 South"]
[Site "Reading, ENG"]
[Date "2017.05.01"]
[Round "11.86"]
[White "Faizi, Tariq"]
[Black "Rowles, Sarah"]
[Result "1-0"]
[WhiteElo "1410"]
[BlackElo "1540"]
[PlyCount "71"]
[EventDate "2017.05.01"]
[WhiteTeam "The Pitstop"]
[BlackTeam "Iceni 2"]

1. e4 c5 2. Nf3 Nc6 3. d4 cxd4 4. Nxd4 e5 5. Nf3 Nf6 6. Bg5 Qa5+ 7. Bd2 Qb6 8.
Qc1 Bc5 9. Nc3 Bxf2+ 10. Kd1 Ng4 11. h3 Ne3+ 12. Ke2 Qa6+ 13. Kxf2 Nc4 14. Nd5
O-O 15. Bxc4 Qxc4 16. Re1 d6 17. b3 Qc5+ 18. Be3 Qa5 19. Kg1 f5 20. Qd2 Qd8 21.
Bg5 Qd7 22. exf5 Qxf5 23. Ne7+ Nxe7 24. Bxe7 Rf7 25. Qxd6 Be6 26. Rxe5 Qg6 27.
Qxe6 Qxe6 28. Rxe6 Re8 29. Rae1 Rf5 30. Bd6 Rxe6 31. Rxe6 Rd5 32. Bb8 Kf7 33.
Re2 a6 34. a4 h6 35. Kf2 g5 36. g4 1-0

[Event "4NCL Division 4 South"]
[Site "Reading, ENG"]
[Date "2017.05.01"]
[Round "11.91"]
[White "Balouka-Myers, Toby"]
[Black "Higgie, Charles L"]
[Result "0-1"]
[WhiteElo "1592"]
[BlackElo "1945"]
[PlyCount "48"]
[EventDate "2017.05.01"]
[WhiteTeam "Barnet Knights 3"]
[BlackTeam "Shropshire 2"]

1. c4 e5 2. g3 Nf6 3. Bg2 d5 4. Nc3 d4 5. Ne4 Nxe4 6. Bxe4 Be7 7. d3 O-O 8. Bg2
c5 9. Nf3 Nc6 10. O-O f5 11. Qc2 Be6 12. Re1 Bf6 13. Bg5 Bxg5 14. Nxg5 Qxg5 15.
Qa4 Bd7 16. e4 f4 17. Rf1 f3 18. Bh1 Rf6 19. Qb3 b6 20. Qd1 Raf8 21. Rc1 Qg4
22. Rc2 Qh3 23. Bxf3 Rxf3 24. Kh1 R8f6 0-1

[Event "4NCL Division 4 South"]
[Site "Reading, ENG"]
[Date "2017.05.01"]
[Round "11.92"]
[White "Ansari, Athar"]
[Black "Balouka-Myers, Raphael"]
[Result "1-0"]
[WhiteElo "1937"]
[BlackElo "1480"]
[PlyCount "33"]
[EventDate "2017.05.01"]
[WhiteTeam "Shropshire 2"]
[BlackTeam "Barnet Knights 3"]

1. e4 e6 2. d4 d5 3. Nc3 Bb4 4. Qg4 g6 5. e5 c5 6. a3 Bxc3+ 7. bxc3 c4 8. Nf3
Ne7 9. Be2 Nf5 10. O-O Nc6 11. Qf4 Bd7 12. g4 Ng7 13. Qh6 Kf8 14. Bg5 Qc7 15.
Bf6 Rg8 16. Ng5 Be8 17. Nxh7# 1-0

[Event "4NCL Division 4 South"]
[Site "Reading, ENG"]
[Date "2017.05.01"]
[Round "11.93"]
[White "Vaidya, Raghav"]
[Black "Lewis, Christopher D"]
[Result "0-1"]
[WhiteElo "1372"]
[BlackElo "1937"]
[PlyCount "100"]
[EventDate "2017.05.01"]
[WhiteTeam "Barnet Knights 3"]
[BlackTeam "Shropshire 2"]

1. e4 c6 2. Nf3 d5 3. exd5 cxd5 4. d4 Nc6 5. h3 Bf5 6. Bd3 Bxd3 7. Qxd3 Nf6 8.
Nc3 e6 9. Bf4 Bb4 10. a3 Qa5 11. O-O Bxc3 12. bxc3 O-O 13. Bd6 Rfd8 14. Bb4
Nxb4 15. axb4 Qc7 16. Rfe1 Rdc8 17. Re3 Ne4 18. Ra3 b5 19. Qxb5 Nd6 20. Qd3 Nc4
21. Rb3 Nxe3 22. Qxe3 a5 23. b5 a4 24. Ra3 Qa5 25. Qd3 f6 26. Qe3 Kf7 27. g4
Qxb5 28. Qc1 Qe2 29. Kg2 Rc4 30. Qb1 Rac8 31. Qb5 Qxc2 32. Qd7+ Kf8 33. Qd6+
Kg8 34. Qxe6+ Kh8 35. Qxd5 Rxc3 36. Rxc3 Qxc3 37. Qe6 a3 38. d5 a2 39. d6 a1=Q
40. d7 Qa8 41. dxc8=Q+ Qaxc8 42. Qxc8+ Qxc8 43. Ng5 fxg5 44. h4 gxh4 45. Kh3 h5
46. f3 g5 47. Kh2 hxg4 48. Kg2 Qc2+ 49. Kf1 gxf3 50. Ke1 Qe2# 0-1

[Event "4NCL Division 4 South"]
[Site "Reading, ENG"]
[Date "2017.05.01"]
[Round "11.94"]
[White "Tarr, Steve F"]
[Black "Carter, Gavin"]
[Result "1-0"]
[WhiteElo "1825"]
[BlackElo "1277"]
[PlyCount "41"]
[EventDate "2017.05.01"]
[WhiteTeam "Shropshire 2"]
[BlackTeam "Barnet Knights 3"]

1. d4 Nf6 2. Bf4 e6 3. e3 a6 4. Bd3 c5 5. c3 d5 6. Nd2 cxd4 7. exd4 Bd6 8. Bg3
Bxg3 9. hxg3 Nc6 10. Ngf3 Ne4 11. Nxe4 dxe4 12. Bxe4 f5 13. Bxc6+ bxc6 14. Ne5
Qc7 15. Qh5+ Ke7 16. Qf7+ Kd6 17. Nc4+ Kd5 18. Qxc7 Bb7 19. Nb6+ Ke4 20. Qe5+
Kd3 21. O-O-O# 1-0

[Event "4NCL Division 4 South"]
[Site "Reading, ENG"]
[Date "2017.05.01"]
[Round "11.95"]
[White "Angelopoulos, Andreas"]
[Black "Ross, Stuart"]
[Result "1/2-1/2"]
[WhiteElo "1187"]
[BlackElo "1720"]
[PlyCount "71"]
[EventDate "2017.05.01"]
[WhiteTeam "Barnet Knights 3"]
[BlackTeam "Shropshire 2"]

1. d4 Nf6 2. Nf3 g6 3. Nbd2 Bg7 4. e4 d6 5. Bd3 O-O 6. O-O Nbd7 7. b3 e5 8.
dxe5 Nxe5 9. Nxe5 dxe5 10. Bb2 Re8 11. Nf3 Nh5 12. Bc4 Bg4 13. Qxd8 Raxd8 14.
Ng5 Be6 15. Bxe6 fxe6 16. Rad1 Rxd1 17. Rxd1 Bh6 18. Nf3 Nf6 19. Re1 Nd7 20.
Nxe5 Bg7 21. Nxd7 Bxb2 22. Nc5 b6 23. Nd3 Bc3 24. Re3 Rd8 25. g3 e5 26. Kg2 Rd6
27. f4 exf4 28. Nxf4 Rd2+ 29. Re2 Rd1 30. e5 c6 31. e6 Kf8 32. h4 Ke7 33. Kf3
Rf1+ 34. Kg4 Rd1 35. Kg5 Bg7 36. c4 1/2-1/2